| 000 | 01345nam a2200313 a 4500 | ||
|---|---|---|---|
| 001 | 34353 | ||
| 003 | BD-RjUL | ||
| 005 | 20211209052139.0 | ||
| 008 | 140515s1984 bg ab b 000 0 eng d | ||
| 035 | _a(BD-RjUL)34447 | ||
| 035 | _a(CStRLIN)NYCXAHK8289-B | ||
| 040 |
_aNIC _cNIC _beng _dBD-RjUL |
||
| 041 | _aeng | ||
| 082 |
_a301.24 _bCHW 1984 |
||
| 100 | 1 |
_aChisholm, N. G. _9104463 |
|
| 245 | 1 | 0 |
_aWhose rural development? : _bsocio-economic change in DTW pumpgroups in Bogra District, northwest Bangladesh / _cNick Chisholm. |
| 246 | 1 | 4 |
_aWhose rural development? : _bsocio-economic change in DTW (deep tubewell) pumpgroups in Bogra District, northwest Bangladesh |
| 260 |
_aDhaka : _bSwedish International Development Authority, _c1984. |
||
| 300 |
_axv, 206 p. : _bill., maps ; _c30 cm. |
||
| 500 | _aStudy initiated by SIDA. | ||
| 504 | _aIncludes bibliographical references (p. 203-206). | ||
| 650 | 0 |
_aRural development _zBangladesh _zBogra District. _9104464 |
|
| 650 | 0 |
_aIrrigation _zBangladesh _zBogra District _xManagement. _9104465 |
|
| 650 | 0 |
_aWells _zBangladesh _zBogra District. _9104466 |
|
| 651 | 0 |
_aBogra District (Bangladesh) _xEconomic conditions. _9104467 |
|
| 651 | 0 |
_aBogra District (Bangladesh) _xSocial conditions. _9104468 |
|
| 710 | 1 |
_aSweden. _bStyrelsen för internationell utveckling. _9104469 |
|
| 942 |
_2ddc _cBK |
||
| 999 |
_c34353 _d34353 |
||